000 00281nam a22001337a 4500
008 170912b xxu||||| |||| 00| 0 eng d
020 _a0070058776
041 _aeng
080 _a53
100 _a43
101 _aFIZ
245 _aMODERN PHYSICS
_cBLATT.F.J
942 _2udc
_cBK
999 _c27280
_d27280